| 000 | 00603 a2200229 4500 | ||
|---|---|---|---|
| 260 | _aParis | ||
| 630 | _a65 - Gestion et organisation de lindustrie, du commerce, de la communication et des transports | ||
| 650 | _a6 - SCIENCES APPLIQUEES | ||
| 100 | _aMartini, Hubert | ||
| 260 | _bDunod | ||
| 245 | _aManagement des opérations de commerce international | ||
| 300 | _a597p | ||
| 650 | _aGestion : commerce international | ||
| 260 | _c2005 | ||
| 300 | _b24 cm. | ||
| 100 | _lFr | ||
| 440 | _aTertiaire Sup | ||
| 037 | _a06/161 | ||
| 020 | _a2 10049307 8 | ||
| 999 |
_c45464 _d45464 |
||